Teoría de la antropometría y la ergonomía en espacios interiores / (Registro nro. 4955)
[ vista simple ]
| 000 -LEADER | |
|---|---|
| fixed length control field | 01289nam a22002777a 4500 |
| 003 - CONTROL NUMBER IDENTIFIER | |
| control field | PE SENCICO BE |
| 005 - DATE AND TIME OF LATEST TRANSACTION | |
| control field | 20251020182706.0 |
| 008 - FIXED-LENGTH DATA ELEMENTS--GENERAL INFORMATION | |
| fixed length control field | 240220b |||||||| |||| 00| 0 eng d |
| 040 ## - CATALOGING SOURCE | |
| Original cataloging agency | PE SENCICO BE |
| Transcribing agency | PE SENCICO BE |
| 041 ## - LANGUAGE CODE | |
| Language code of text/sound track or separate title | spa |
| 084 ## - OTHER CLASSIFICATION NUMBER | |
| Classification number | I |
| -- | DIS |
| -- | 2017 |
| Item number | R83 |
| 100 1# - MAIN ENTRY--PERSONAL NAME | |
| 9 (RLIN) | 1969 |
| Personal name | Roque Galarza, Johny Fernando |
| Relator term | autor |
| 245 1# - TITLE STATEMENT | |
| Title | Teoría de la antropometría y la ergonomía en espacios interiores / |
| Statement of responsibility, etc. | Johny Fernando Roque Galarza |
| 246 ## - VARYING FORM OF TITLE | |
| Title proper/short title | Estudio y propuesta de muebles ergonómico para oficinas |
| 260 ## - PUBLICATION, DISTRIBUTION, ETC. | |
| Place of publication, distribution, etc. | Lima : |
| Date of publication, distribution, etc. | 2017 |
| 300 ## - PHYSICAL DESCRIPTION | |
| Extent | [25] h. : |
| Other physical details | il. col. ; |
| Dimensions | 30 x 40 cm. |
| 502 ## - DISSERTATION NOTE | |
| Dissertation note | Monografía de Titulación.-- Servicio Nacional de Capacitación para la Industria de la Construcción. Escuela Superior Técnica. Carrera Profesional Técnica en Diseño de Interiores, 2017 |
| 505 0# - FORMATTED CONTENTS NOTE | |
| Formatted contents note | v. 1. Teoría de la antropometría y la ergonomía en espacios interiores (tema teórico) -- v. 2. Estudio y propuesta de muebles ergonómicos para oficinas (tema práctico) |
| 650 10 - SUBJECT ADDED ENTRY--TOPICAL TERM | |
| 9 (RLIN) | 44 |
| Topical term or geographic name entry element | Diseño de interiores |
| 650 20 - SUBJECT ADDED ENTRY--TOPICAL TERM | |
| 9 (RLIN) | 239 |
| Topical term or geographic name entry element | Muebles |
| 650 20 - SUBJECT ADDED ENTRY--TOPICAL TERM | |
| 9 (RLIN) | 6 |
| Topical term or geographic name entry element | Oficinas |
| 650 20 - SUBJECT ADDED ENTRY--TOPICAL TERM | |
| 9 (RLIN) | 615 |
| Topical term or geographic name entry element | Planos |
| 710 1# - ADDED ENTRY--CORPORATE NAME | |
| Corporate name or jurisdiction name as entry element | Servicio Nacional de Capacitación para la Industria de la Construcción. |
| Subordinate unit | Escuela Superior Técnica |
| 9 (RLIN) | 1065 |
| 910 ## - USER-OPTION DATA (OCLC) | |
| -- | hfp |
| -- | hfp |
| 942 ## - ADDED ENTRY ELEMENTS (KOHA) | |
| Koha item type | Monografía de Titulación |
| Source of classification or shelving scheme | Dewey Decimal Classification |
| Fecha de la última vez que lo usaron | Número de ingreso o de inventario | Pago total | Signatura topográfica completa | Código de barras | Precio efectivo desde | Tipo de documento | Estado perdido | Estado dañado | No es para préstamo | Retirado | Ubicación permanente | Ubicación actual | Fecha de adquisición |
|---|---|---|---|---|---|---|---|---|---|---|---|---|---|
| 20/02/2024 | I-00464 | I/DIS/2017/R83/v. 2 | BibLima24020194 | 20/02/2024 | Monografía de Titulación | Biblioteca Central Lima | Biblioteca Central Lima | 20/02/2024 | |||||
| 05/03/2024 | I-00540 | I/DIS/2017/R83/V. 1 | BibLima24030020 | 05/03/2024 | Monografía de Titulación | Biblioteca Central Lima | Biblioteca Central Lima | 05/03/2024 |